Object-Oriented Programming with C++ (Record no. 171)

MARC details
000 -LEADER
fixed length control field 00462nam a22001817a 4500
005 - DATE AND TIME OF LATEST TRANSACTION
control field 20180205130542.0
008 - FIXED-LENGTH DATA ELEMENTS--GENERAL INFORMATION
fixed length control field 160428b xxu||||| |||| 00| 0 eng d
020 ## - INTERNATIONAL STANDARD BOOK NUMBER
ISBN 0-07-040211-6
041 ## - LANGUAGE CODE
Language code of text/sound track or separate title eng
082 ## - DEWEY DECIMAL CLASSIFICATION NUMBER
Item number 00596
Classification number 005.117
100 ## - MAIN ENTRY--AUTHOR NAME
Personal name Balagurusamy, E
245 ## - TITLE STATEMENT
Title Object-Oriented Programming with C++
250 ## - EDITION STATEMENT
Edition statement 2nd ed.
260 ## - PUBLICATION, DISTRIBUTION, ETC. (IMPRINT)
Place of publication New Delhi
Name of publisher Tata McGraw hill
Year of publication 2003
300 ## - PHYSICAL DESCRIPTION
Number of Pages 533
650 ## - SUBJECT ADDED ENTRY--TOPICAL TERM
Topical Term Information Technology
942 ## - ADDED ENTRY ELEMENTS (KOHA)
Koha item type Books
Holdings
Lost status Damaged status Collection code Home library Current library Shelving location Date acquired Full call number Accession Number Koha item type
    CS/IT JRU Library JRU Library SHELF-54-B 28/04/2016 005.117 00596 Books
    CS/IT JRU Library JRU Library SHELF-54-B 28/04/2016 005.117 00597 Books
    CS/IT JRU Library JRU Library SHELF-54-B 28/04/2016 005.117 00598 Books
    CS/IT JRU Library JRU Library SHELF-54-B 28/04/2016 005.117 00599 Books
    CS/IT JRU Library JRU Library SHELF-54-B 28/04/2016 005.117 00600 Books